Analysis of public systems, (Record no. 542587)
[ view plain ]
| 000 -LEADER | |
|---|---|
| fixed length control field | 00698pam a2200217 4500 |
| 020 ## - INTERNATIONAL STANDARD BOOK NUMBER | |
| International Standard Book Number | 0262040387 |
| 082 00 - DEWEY DECIMAL CLASSIFICATION NUMBER | |
| Classification number | 350/.000973 |
| 100 1# - MAIN ENTRY--PERSONAL NAME | |
| Personal name | Drake, Alvin W. |
| 9 (RLIN) | 37810 |
| 245 10 - TITLE STATEMENT | |
| Title | Analysis of public systems, |
| Statement of responsibility, etc. | edited by Alvin W. Drake, Ralph L. Keeney [and] Philip M. Morse. |
| 260 ## - PUBLICATION, DISTRIBUTION, ETC. | |
| Place of publication, distribution, etc. | [Cambridge, |
| Name of publisher, distributor, etc. | M.I.T. Press, |
| Date of publication, distribution, etc. | 1972] |
| 300 ## - PHYSICAL DESCRIPTION | |
| Extent | x, 532 p. |
| Dimensions | 23 cm. |
| 526 ## - STUDY PROGRAM INFORMATION NOTE | |
| Program name | 0 |
| Interest level | 0 |
| Reading level | 0 |
| Title point value | 350_000973000000000 |
| 650 #0 - SUBJECT ADDED ENTRY--TOPICAL TERM | |
| Topical term or geographic name entry element | Donation |
| 9 (RLIN) | 36574 |
| 650 #0 - SUBJECT ADDED ENTRY--TOPICAL TERM | |
| Topical term or geographic name entry element | MCE |
| 9 (RLIN) | 379 |
| 650 #0 - SUBJECT ADDED ENTRY--TOPICAL TERM | |
| Topical term or geographic name entry element | Municipal services |
| Geographic subdivision | United States. |
| 9 (RLIN) | 37811 |
| 650 #0 - SUBJECT ADDED ENTRY--TOPICAL TERM | |
| Topical term or geographic name entry element | Operations research. |
| 9 (RLIN) | 7262 |
| 650 #0 - SUBJECT ADDED ENTRY--TOPICAL TERM | |
| Topical term or geographic name entry element | Public administration. |
| 9 (RLIN) | 5690 |
| 700 1# - ADDED ENTRY--PERSONAL NAME | |
| Personal name | Keeney, Ralph L., |
| 9 (RLIN) | 37812 |
| 700 1# - ADDED ENTRY--PERSONAL NAME | |
| Personal name | Morse, Philip M. |
| 9 (RLIN) | 37813 |
| 942 ## - ADDED ENTRY ELEMENTS (KOHA) | |
| Source of classification or shelving scheme | |
| Koha item type | Book |
| Withdrawn status | Lost status | Source of classification or shelving scheme | Damaged status | Not for loan | Permanent Location | Current Location | Date acquired | Total Checkouts | Full call number | Barcode | Date last seen | Price effective from | Koha item type |
|---|---|---|---|---|---|---|---|---|---|---|---|---|---|
| Military College of Engineering (MCE) | Military College of Engineering (MCE) | 02/03/2014 | 350/.000973 | MCE-42946 | 02/03/2014 | 02/03/2014 | Book |
